<?xml version="1.0" encoding="UTF-8"?>
<resp>
  <nextPage>https://data.bn.org.pl/api/networks/bibs.marcxml?marc=001+b00001150000321&amp;sinceId=1150000322</nextPage>
  <collection>
    <record xmlns='http://www.loc.gov/MARC21/slim'><leader>01143namZa2200349ZiZ4500</leader><controlfield tag='001'>b00001150000321</controlfield><controlfield tag='005'>20241203214747.5</controlfield><controlfield tag='008'>230609s        pl           |000 0 pol c</controlfield><controlfield tag='009'>9913262166705606</controlfield><datafield ind1=' ' ind2=' ' tag='020'><subfield code='a'>0863187005 (oryg.)</subfield></datafield><datafield ind1=' ' ind2=' ' tag='020'><subfield code='a'>8321337074</subfield></datafield><datafield ind1=' ' ind2=' ' tag='035'><subfield code='a'>KR_1KR_1_20120317231228095062-48omnis_kr</subfield></datafield><datafield ind1=' ' ind2=' ' tag='035'><subfield code='a'>KR_1_20120317231228095062</subfield><subfield code='9'>ExL</subfield></datafield><datafield ind1=' ' ind2=' ' tag='035'><subfield code='a'>(PL)b00001150000321</subfield></datafield><datafield ind1=' ' ind2=' ' tag='040'><subfield code='a'>KR_1</subfield><subfield code='c'>KR_1</subfield></datafield><datafield ind1='1' ind2=' ' tag='041'><subfield code='a'>pol</subfield><subfield code='h'>eng</subfield></datafield><datafield ind1='0' ind2='0' tag='245'><subfield code='a'>Ciało człowieka :</subfield><subfield code='b'>[zobacz, rozpoznaj i naucz się nazywać...] /</subfield><subfield code='c'>[tł. z ang. Agnieszka Stasiewicz].</subfield></datafield><datafield ind1=' ' ind2=' ' tag='260'><subfield code='a'>Warszawa :</subfield><subfield code='b'>&quot;Arkady&quot;,</subfield><subfield code='c'>1994.</subfield></datafield><datafield ind1=' ' ind2=' ' tag='300'><subfield code='a'>63, [1] s. :</subfield><subfield code='b'>fot. kolor., rys. ;</subfield><subfield code='c'>31 cm.</subfield></datafield><datafield ind1='1' ind2=' ' tag='490'><subfield code='a'>Ilustrowane Słowniki</subfield></datafield><datafield ind1=' ' ind2=' ' tag='500'><subfield code='a'>dd</subfield></datafield><datafield ind1=' ' ind2=' ' tag='504'><subfield code='a'>Indeks.</subfield></datafield><datafield ind1=' ' ind2='9' tag='650'><subfield code='a'>Anatomia</subfield><subfield code='v'>wydawnictwa popularne</subfield></datafield><datafield ind1=' ' ind2='9' tag='650'><subfield code='a'>Fizjologia</subfield><subfield code='v'>wydawnictwa popularne</subfield></datafield><datafield ind1=' ' ind2='9' tag='650'><subfield code='a'>Literatura młodzieżowa angielska</subfield></datafield><datafield ind1='1' ind2=' ' tag='700'><subfield code='a'>Stasiewicz, Agnieszka</subfield><subfield code='e'>Tł.</subfield></datafield><datafield ind1=' ' ind2=' ' tag='852'><subfield code='b'>48OMNIS_NETWORK</subfield><subfield code='8'>9913262166705606</subfield></datafield><datafield ind1=' ' ind2=' ' tag='852'><subfield code='b'>48OMNIS_KR</subfield><subfield code='8'>991000003219708216</subfield></datafield><datafield ind1=' ' ind2=' ' tag='920'><subfield code='a'>83-213-3707-4</subfield></datafield><datafield ind1=' ' ind2=' ' tag='920'><subfield code='a'>0-86318-700-5 (oryg.)</subfield></datafield></record>
  </collection>
</resp>
